000 00322nam a2200109Ia 4500
008 200302s9999 xx 000 0 und d
100 _aH. Kumar Vyas
245 _aDesign the International Movement With Indian Paralles
260 _bSid Research Cell School Interior design Publishing
260 _c2009
300 _a217 p.,
999 _c3174
_d3174